Ronaldo ou Messi ? - Statistiques

Statistiques générales
  • Ce quiz a été pris 142 fois
  • Le résultat moyen est 13 sur 15
Statistiques - réponses
Question Réponse % Correct
A joué dans le plus de club ? Ronaldo
99%
A le plus de Ballon d'Or ? Messi
98%
A joué en Italie ? Ronaldo
98%
A gagné la Ligue 1 ? Messi
95%
A gagné la Coupe du Monde ? Messi
95%
A joué avec Mbappé ? Messi
93%
Qui joue en Amérique ? Messi
93%
A le plus de but ? Ronaldo
93%
Est le plus vieux ? Ronaldo
93%
Le plus de LDC ? Ronaldo
93%
Le plus de passe décisive ? Messi
85%
A le plus d'enfants ? Ronaldo
79%
A marqué le plus de coup franc ? Messi
74%
A remporté le prix Puskas ? Ronaldo
69%
Qui est le meilleur ? Ronaldo
38%
Aucun quiz correspondant
Distribution des résultats
% des personnes avec chaque résultat
Percentile par nombre de réponses
Votre historique - résultats
Vous n’avez pas pris ce quiz